000 01244nam0a2200349 4500
001 RU\NLR\bibl\132495
005 20260406052358.0
010 _a5-230-06489-7
_9300
020 _aRU
_b98-18923
_9Книжная летопись
021 _aRU
_b98-8026
_9379
035 _a(NLR Aleph) 000129781
090 _a740930
_c740930
100 _a19990528d1997 |||y0rusy50 ca
101 0 _arus
102 _aRU
105 _ay |||||||||
200 1 _aОсновы страхового дела
_eУчеб. пособие
_fС. К. Казанцев
_gНауч. ред. Л. Е. Стровский; Урал. гос. техн. ун-т
210 _aЕкатеринбург
_cИзд-во УГТУ
_d1997
215 _a104 с.
_cил.
_d20
320 _aБиблиогр.: с. 101-102 (27 назв.)
610 0 _aСтрахование
675 _a368(075.8)
_v3
_zrus
686 _a10.67
_2rugasnti
686 _a65.9.27
_2rubbk
700 1 _4070
_8rus
_7ca
_aКазанцев
_bС. К.
_gСергей Константинович
_3RU\NLR\auth\777373
_9117308
801 0 _aRU
_bRKP
_c19990528
_gPSBO
801 1 _aRU
_bRKP
_c19990528
801 2 _aRU
_bNLR
_c20010816
_grcr
852 _aNLR
_j2000-3/18267
942 _cBOOK
980 _aNB